A Text Book of Biophysics (Record no. 34997)

MARC details
000 -LEADER
fixed length control field 00401nam a2200169Ia 4500
008 - FIXED-LENGTH DATA ELEMENTS--GENERAL INFORMATION
fixed length control field 230524s9999 xx 000 0 und d
020 ## - INTERNATIONAL STANDARD BOOK NUMBER
ISBN 8173811458
082 ## - DEWEY DECIMAL CLASSIFICATION NUMBER
Classification number 574.191
Item number RAY
100 ## - MAIN ENTRY--AUTHOR NAME
Personal name R.N.Roy
245 #2 - TITLE STATEMENT
Title A Text Book of Biophysics
250 ## - EDITION STATEMENT
Edition statement 1ST
260 ## - PUBLICATION, DISTRIBUTION, ETC. (IMPRINT)
Place of publication NEW DELHI
Name of publisher New Central
Year of publication 2005
300 ## - PHYSICAL DESCRIPTION
Number of Pages XIV;696
500 ## - GENERAL NOTE
General note Quantity Number: 2
650 ## - SUBJECT ADDED ENTRY--TOPICAL TERM
Topical Term Biomedical
942 ## - ADDED ENTRY ELEMENTS (KOHA)
Koha item type Books
Holdings
Lost status Damaged status Permanent Location Current Location Shelving location Date acquired Full call number Accession Number Koha item type
    Central Library, Trident Academy of Technology Central Library, Trident Academy of Technology General Stacks 05/24/2023 574.191 RAY 10074 Books
    Central Library, Trident Academy of Technology Central Library, Trident Academy of Technology General Stacks 05/24/2023 574.191 RAY 10788 Books
Trident Academy of Technology © 2023.
All rights reserved.                                                                                                                                                                                                        Designed by Team of Central Library .

Powered by Koha